|
|
|
|
| LEADER |
00000nam0a2200000 4500 |
| 001 |
315280 |
| 005 |
20231102002749.0 |
| 010 |
|
|
|a 9785991659505
|
| 035 |
|
|
|a (RuTPU)RU\TPU\book\340713
|
| 090 |
|
|
|a 315280
|
| 100 |
|
|
|a 20160229d2016 m y0rusy50 ca
|
| 101 |
0 |
|
|a rus
|
| 102 |
|
|
|a RU
|
| 105 |
|
|
|a a j 001zy
|
| 200 |
1 |
|
|a Теория вероятностей и математическая статистика для экономистов
|e учебник и практикум для бакалавриата и магистратуры
|f Е. А. Ковалев, Г. А. Медведев
|g Российская академия народного хозяйства и государственной службы при Президенте Российской Федерации (РАНХиГС) ; под ред. Г. А. Медведева
|
| 210 |
|
|
|a Москва
|c Юрайт
|d 2016
|
| 215 |
|
|
|a 286 с.
|c ил.
|
| 225 |
1 |
|
|a Бакалавр и магистр. Академический курс
|
| 320 |
|
|
|a Библиогр.: с. 269-270.
|
| 320 |
|
|
|a Предметный указатель: с. 280-284.
|
| 330 |
|
|
|a В основу учебника положен курс лекций, которые читались авторами многие годы студентам различных нематематических специальностей, включая экономические, изучающих вероятностные и статистические методы. Предлагаемый курс по теории вероятностей и математической статистике не претендует на полноту изложения идей и методов данной теории, а призван оказать помощь студентам экономических направлений в освоении этой достаточно трудной для них математической дисциплины.Материал учебника представлен как вложенные друг в друга структуры, что делает его универсальным инструментарием для различных уровней высшего образования: прикладного бакалавриата, академического бакалавриата и магистратуры. Материал для прикладного бакалавриата представляет собой ядро, к которому добавляется дополнительный материал для академического бакалавриата, а к нему материал для магистратуры. Для удобства главы и параграфы учебника помечены специальными значками для различных уровней высшего образования.Учебник снабжен большим числом примеров и задач, позволяющих использовать его как для проведения практических занятий, так и для самостоятельной работы студентов при освоении курса теории вероятностей и математической статистики.
|
| 606 |
1 |
|
|a Вероятностей теория и математическая статистика
|2 stltpush
|3 (RuTPU)RU\TPU\subj\2260
|9 30847
|
| 610 |
1 |
|
|a случайные события
|
| 610 |
1 |
|
|a вероятности
|
| 610 |
1 |
|
|a испытания
|
| 610 |
1 |
|
|a последовательности
|
| 610 |
1 |
|
|a случайные величины
|
| 610 |
1 |
|
|a предельные теоремы
|
| 610 |
1 |
|
|a массовое обслуживание
|
| 610 |
1 |
|
|a теория массового обслуживания
|
| 610 |
1 |
|
|a статистическое оценивание
|
| 610 |
1 |
|
|a статистическая проверка
|
| 610 |
1 |
|
|a гипотезы
|
| 610 |
1 |
|
|a дисперсионный анализ
|
| 610 |
1 |
|
|a корреляционный анализ
|
| 610 |
1 |
|
|a регрессионный анализ
|
| 610 |
1 |
|
|a факторный анализ
|
| 610 |
1 |
|
|a кластерный анализ
|
| 610 |
1 |
|
|a решения
|
| 610 |
1 |
|
|a принятие
|
| 610 |
1 |
|
|a практикумы
|
| 610 |
1 |
|
|a учебники
|
| 675 |
|
|
|a 519.2(075.8)
|v 4
|
| 700 |
|
1 |
|a Ковалев
|b Е. А.
|g Евгений Аркадьевич
|
| 701 |
|
1 |
|a Медведев
|b Г. А.
|g Геннадий Алексеевич
|
| 702 |
|
1 |
|a Медведев
|b Г. А.
|g Геннадий Алексеевич
|4 340
|
| 712 |
0 |
2 |
|a Российская академия народного хозяйства и государственной службы при Президенте Российской Федерации (РАНХиГС)
|c (Москва)
|c (2010- )
|2 stltpush
|3 (RuTPU)RU\TPU\col\18173
|
| 801 |
|
1 |
|a RU
|b 63413507
|c 20160229
|
| 801 |
|
2 |
|a RU
|b 63413507
|c 20160406
|g RCR
|
| 900 |
|
|
|a Теория вероятностей и математическая статистика
|
| 942 |
|
|
|c BK
|
| 951 |
|
|
|l 8.1
|l 8.3
|
| 959 |
|
|
|a 24/20160224
|d 1
|e 629,00
|f ЧЗТЛ:1
|